| 000 | 00762nam a2200265 a 4500 | ||
|---|---|---|---|
| 999 |
_c3550 _d3550 |
||
| 001 | 112946 | ||
| 003 | GBCCL | ||
| 005 | 20241126110457.0 | ||
| 008 | 980202s1989 cou 001 0 eng d | ||
| 010 | _a 89060511 | ||
| 020 | _a089109282X (pbk.) | ||
| 035 | _a(OCoLC)ocm38301881 | ||
| 040 |
_aSBI _cSBI _dLBB |
||
| 049 | _aLBBK | ||
| 082 | 0 | 4 |
_a248.4 _bCOM |
| 090 |
_aBV4501.2 _b.H56 1989a |
||
| 245 | 0 | 2 |
_aA Compact guide to the Christian life / _ccompiled by K.C. Hinckley. |
| 250 | _aSpecial Billy Graham Evangelistic Assoication ed. | ||
| 260 |
_aColorado Springs, CO : _bNavPress, _cc1989. |
||
| 300 |
_a240 p. ; _c21 cm. |
||
| 500 | _aIncludes index. | ||
| 650 | 0 |
_aChristian life. _9183 |
|
| 700 | 1 |
_aLee-Thorp, Karen. _97095 |
|
| 942 |
_2ddc _cBK _04 |
||